<?xml version="1.0" encoding="UTF-8"?>
<record
    xmlns:xsi="http://www.w3.org/2001/XMLSchema-instance"
    xsi:schemaLocation="http://www.loc.gov/MARC21/slim http://www.loc.gov/standards/marcxml/schema/MARC21slim.xsd"
    xmlns="http://www.loc.gov/MARC21/slim">

  <leader>00956cam a2200241a 44500</leader>
  <controlfield tag="003">OSt</controlfield>
  <controlfield tag="005">20150408113727.0</controlfield>
  <controlfield tag="008">031102s2003 su g 00000 ara dd</controlfield>
  <datafield tag="040" ind1=" " ind2=" ">
    <subfield code="a">mu</subfield>
    <subfield code="b">ara</subfield>
    <subfield code="c">mb</subfield>
  </datafield>
  <datafield tag="041" ind1=" " ind2=" ">
    <subfield code="a">ara</subfield>
  </datafield>
  <datafield tag="072" ind1=" " ind2="7">
    <subfield code="a">028</subfield>
    <subfield code="x">&#x627;&#x644;&#x634;&#x631;&#x64A;&#x639;&#x629; &#x627;&#x644;&#x625;&#x633;&#x644;&#x627;&#x645;&#x64A;&#x629; &#x648;&#x627;&#x644;&#x641;&#x642;&#x647; &#x627;&#x644;&#x625;&#x633;&#x644;&#x627;&#x645;&#x64A;</subfield>
  </datafield>
  <datafield tag="082" ind1="0" ind2="4">
    <subfield code="a">258.3</subfield>
    <subfield code="2">21</subfield>
    <subfield code="b"> &#x646; &#x64A; &#x645;</subfield>
  </datafield>
  <datafield tag="092" ind1=" " ind2=" ">
    <subfield code="a">258.3</subfield>
  </datafield>
  <datafield tag="100" ind1="1" ind2=" ">
    <subfield code="a">&#x627;&#x644;&#x646;&#x648;&#x648;&#x64A;&#x60C; &#x64A;&#x62D;&#x64A;&#x649; &#x628;&#x646; &#x634;&#x631;&#x641; &#x628;&#x646; &#x645;&#x631;&#x64A;&#x60C;</subfield>
    <subfield code="d">686-631 &#x647;&#x640;.).</subfield>
    <subfield code="9">986</subfield>
  </datafield>
  <datafield tag="245" ind1="1" ind2="2">
    <subfield code="a">&#x627;&#x644;&#x645;&#x62C;&#x645;&#x648;&#x639; &#x634;&#x631;&#x62D; &#x627;&#x644;&#x645;&#x647;&#x630;&#x628; /</subfield>
    <subfield code="c">&#x644;&#x623;&#x628;&#x64A; &#x632;&#x643;&#x631;&#x64A;&#x627; &#x645;&#x62D;&#x64A;&#x64A; &#x627;&#x644;&#x62F;&#x64A;&#x646; &#x628;&#x646; &#x634;&#x631;&#x641; &#x627;&#x644;&#x646;&#x648;&#x648;&#x64A; &#x61B; &#x62D;&#x642;&#x642;&#x647; &#x648;&#x639;&#x644;&#x642; &#x639;&#x644;&#x64A;&#x647; &#x648;&#x623;&#x643;&#x645;&#x644;&#x647; &#x645;&#x62D;&#x645;&#x62F; &#x646;&#x62C;&#x64A;&#x628; &#x627;&#x644;&#x645;&#x637;&#x64A;&#x639;&#x64A;.</subfield>
  </datafield>
  <datafield tag="246" ind1="3" ind2="0">
    <subfield code="a">&#x634;&#x631;&#x62D; &#x627;&#x644;&#x645;&#x647;&#x630;&#x628;.</subfield>
  </datafield>
  <datafield tag="260" ind1=" " ind2=" ">
    <subfield code="a">&#x62C;&#x62F;&#x629;</subfield>
    <subfield code="b">&#x645;&#x643;&#x62A;&#x628;&#x629; &#x627;&#x644;&#x627;&#x631;&#x634;&#x627;&#x62F;</subfield>
    <subfield code="c">19-&#x61F;</subfield>
  </datafield>
  <datafield tag="300" ind1=" " ind2=" ">
    <subfield code="a">23 &#x645;&#x62C;. &#x61B;</subfield>
    <subfield code="c">24 &#x633;&#x645;.  </subfield>
  </datafield>
  <datafield tag="650" ind1=" " ind2=" ">
    <subfield code="a">&#x627;&#x644;&#x641;&#x642;&#x647; &#x627;&#x644;&#x634;&#x627;&#x641;&#x639;&#x64A;</subfield>
    <subfield code="2">aucsh.1 </subfield>
    <subfield code="9">987</subfield>
  </datafield>
  <datafield tag="700" ind1=" " ind2=" ">
    <subfield code="a">&#x627;&#x644;&#x645;&#x637;&#x64A;&#x639;&#x64A;&#x60C; &#x645;&#x62D;&#x645;&#x62F; &#x646;&#x62C;&#x64A;&#x628; &#x628;&#x646; &#x625;&#x628;&#x631;&#x627;&#x647;&#x64A;&#x645;</subfield>
    <subfield code="e">&#x645;&#x62D;&#x642;&#x642;.2 </subfield>
    <subfield code="9">988</subfield>
  </datafield>
  <datafield tag="740" ind1=" " ind2=" ">
    <subfield code="a">&#x627;&#x644;&#x645;&#x647;&#x630;&#x628;.\\</subfield>
  </datafield>
  <datafield tag="942" ind1=" " ind2=" ">
    <subfield code="2">ddc</subfield>
    <subfield code="c">BOOK</subfield>
  </datafield>
  <datafield tag="999" ind1=" " ind2=" ">
    <subfield code="c">1390</subfield>
    <subfield code="d">235890</subfield>
  </datafield>
  <datafield tag="952" ind1=" " ind2=" ">
    <subfield code="1">0</subfield>
    <subfield code="2">2013-03-10</subfield>
    <subfield code="4">0</subfield>
    <subfield code="7">0</subfield>
    <subfield code="a">258.3 &#x645;&#x62C;9 &#x646; &#x64A; &#x645;</subfield>
    <subfield code="d">2011-07-17</subfield>
    <subfield code="h">EMF</subfield>
    <subfield code="i">00016688</subfield>
    <subfield code="m">EMF</subfield>
    <subfield code="r">2013-03-10 00:00:00</subfield>
    <subfield code="t">BOOK</subfield>
    <subfield code="w">ddc</subfield>
    <subfield code="y">0</subfield>
  </datafield>
  <datafield tag="952" ind1=" " ind2=" ">
    <subfield code="1">0</subfield>
    <subfield code="2">2013-03-10</subfield>
    <subfield code="4">0</subfield>
    <subfield code="7">0</subfield>
    <subfield code="a">258.3 &#x645;&#x62C;9 &#x646; &#x64A; &#x645;</subfield>
    <subfield code="d">2011-07-18</subfield>
    <subfield code="h">EMF</subfield>
    <subfield code="i">00016684</subfield>
    <subfield code="m">EMF</subfield>
    <subfield code="r">2013-03-10 00:00:00</subfield>
    <subfield code="t">REF</subfield>
    <subfield code="w">ddc</subfield>
    <subfield code="y">0</subfield>
  </datafield>
  <datafield tag="952" ind1=" " ind2=" ">
    <subfield code="1">0</subfield>
    <subfield code="2">2013-03-10</subfield>
    <subfield code="4">0</subfield>
    <subfield code="7">0</subfield>
    <subfield code="a">258.3 &#x645;&#x62C;2 &#x646; &#x64A; &#x645;</subfield>
    <subfield code="d">2011-07-18</subfield>
    <subfield code="h">EMF</subfield>
    <subfield code="i">00016686</subfield>
    <subfield code="m">EMF</subfield>
    <subfield code="r">2013-03-10 00:00:00</subfield>
    <subfield code="t">REF</subfield>
    <subfield code="w">ddc</subfield>
    <subfield code="y">0</subfield>
  </datafield>
  <datafield tag="952" ind1=" " ind2=" ">
    <subfield code="1">0</subfield>
    <subfield code="2">2013-03-10</subfield>
    <subfield code="4">0</subfield>
    <subfield code="7">0</subfield>
    <subfield code="a">258.3 &#x645;&#x62C;2 &#x646; &#x64A; &#x645;</subfield>
    <subfield code="d">2011-07-18</subfield>
    <subfield code="h">EMF</subfield>
    <subfield code="i">00016683</subfield>
    <subfield code="m">EMF</subfield>
    <subfield code="r">2013-03-10 00:00:00</subfield>
    <subfield code="t">REF</subfield>
    <subfield code="w">ddc</subfield>
    <subfield code="y">0</subfield>
  </datafield>
  <datafield tag="952" ind1=" " ind2=" ">
    <subfield code="1">0</subfield>
    <subfield code="2">2013-03-10</subfield>
    <subfield code="4">0</subfield>
    <subfield code="7">0</subfield>
    <subfield code="a">258.3 &#x645;&#x62C;12 &#x646; &#x64A; &#x645;</subfield>
    <subfield code="d">2011-07-18</subfield>
    <subfield code="h">EMF</subfield>
    <subfield code="i">00016682</subfield>
    <subfield code="m">EMF</subfield>
    <subfield code="r">2013-03-10 00:00:00</subfield>
    <subfield code="t">REF</subfield>
    <subfield code="w">ddc</subfield>
    <subfield code="y">0</subfield>
  </datafield>
  <datafield tag="952" ind1=" " ind2=" ">
    <subfield code="1">0</subfield>
    <subfield code="2">2013-03-10</subfield>
    <subfield code="4">0</subfield>
    <subfield code="7">0</subfield>
    <subfield code="a">258.3 &#x645;&#x62C;13 &#x646; &#x64A; &#x645;</subfield>
    <subfield code="d">2011-07-18</subfield>
    <subfield code="h">EMF</subfield>
    <subfield code="i">00016681</subfield>
    <subfield code="m">EMF</subfield>
    <subfield code="r">2013-03-10 00:00:00</subfield>
    <subfield code="t">REF</subfield>
    <subfield code="w">ddc</subfield>
    <subfield code="y">0</subfield>
  </datafield>
  <datafield tag="952" ind1=" " ind2=" ">
    <subfield code="1">0</subfield>
    <subfield code="2">2013-03-10</subfield>
    <subfield code="4">0</subfield>
    <subfield code="7">0</subfield>
    <subfield code="a">258.3 &#x645;&#x62C;14 &#x646; &#x64A; &#x645;</subfield>
    <subfield code="d">2011-07-18</subfield>
    <subfield code="h">EMF</subfield>
    <subfield code="i">00016680</subfield>
    <subfield code="m">EMF</subfield>
    <subfield code="r">2013-03-10 00:00:00</subfield>
    <subfield code="t">REF</subfield>
    <subfield code="w">ddc</subfield>
    <subfield code="y">0</subfield>
  </datafield>
  <datafield tag="952" ind1=" " ind2=" ">
    <subfield code="1">0</subfield>
    <subfield code="2">2013-03-10</subfield>
    <subfield code="4">0</subfield>
    <subfield code="7">0</subfield>
    <subfield code="a">258.3 &#x645;&#x62C;15 &#x646; &#x64A; &#x645;</subfield>
    <subfield code="d">2011-07-18</subfield>
    <subfield code="h">EMF</subfield>
    <subfield code="i">00016679</subfield>
    <subfield code="m">EMF</subfield>
    <subfield code="r">2013-03-10 00:00:00</subfield>
    <subfield code="t">REF</subfield>
    <subfield code="w">ddc</subfield>
    <subfield code="y">0</subfield>
  </datafield>
  <datafield tag="952" ind1=" " ind2=" ">
    <subfield code="1">0</subfield>
    <subfield code="2">2013-03-10</subfield>
    <subfield code="4">0</subfield>
    <subfield code="7">0</subfield>
    <subfield code="a">258.3 &#x645;&#x62C;20 &#x646; &#x64A; &#x645;</subfield>
    <subfield code="d">2011-07-18</subfield>
    <subfield code="h">EMF</subfield>
    <subfield code="i">00016678</subfield>
    <subfield code="m">EMF</subfield>
    <subfield code="r">2013-03-10 00:00:00</subfield>
    <subfield code="t">REF</subfield>
    <subfield code="w">ddc</subfield>
    <subfield code="y">0</subfield>
  </datafield>
  <datafield tag="952" ind1=" " ind2=" ">
    <subfield code="1">0</subfield>
    <subfield code="2">2013-03-10</subfield>
    <subfield code="4">0</subfield>
    <subfield code="7">0</subfield>
    <subfield code="a">258.3 &#x645;&#x62C;6 &#x646; &#x64A; &#x645;</subfield>
    <subfield code="d">2011-07-18</subfield>
    <subfield code="h">EMF</subfield>
    <subfield code="i">00016697</subfield>
    <subfield code="m">EMF</subfield>
    <subfield code="r">2013-03-10 00:00:00</subfield>
    <subfield code="t">REF</subfield>
    <subfield code="w">ddc</subfield>
    <subfield code="y">0</subfield>
  </datafield>
  <datafield tag="952" ind1=" " ind2=" ">
    <subfield code="1">0</subfield>
    <subfield code="2">2013-03-10</subfield>
    <subfield code="4">0</subfield>
    <subfield code="7">0</subfield>
    <subfield code="a">258.3 &#x645;&#x62C;21 &#x646; &#x64A; &#x645;</subfield>
    <subfield code="d">2011-07-18</subfield>
    <subfield code="h">EMF</subfield>
    <subfield code="i">00016677</subfield>
    <subfield code="m">EMF</subfield>
    <subfield code="r">2013-03-10 00:00:00</subfield>
    <subfield code="t">REF</subfield>
    <subfield code="w">ddc</subfield>
    <subfield code="y">0</subfield>
  </datafield>
  <datafield tag="952" ind1=" " ind2=" ">
    <subfield code="1">0</subfield>
    <subfield code="2">2013-03-10</subfield>
    <subfield code="4">0</subfield>
    <subfield code="7">0</subfield>
    <subfield code="a">258.3 &#x645;&#x62C;23 &#x646; &#x64A; &#x645;</subfield>
    <subfield code="d">2011-07-18</subfield>
    <subfield code="h">EMF</subfield>
    <subfield code="i">00016676</subfield>
    <subfield code="m">EMF</subfield>
    <subfield code="r">2013-03-10 00:00:00</subfield>
    <subfield code="t">REF</subfield>
    <subfield code="w">ddc</subfield>
    <subfield code="y">0</subfield>
  </datafield>
  <datafield tag="952" ind1=" " ind2=" ">
    <subfield code="1">0</subfield>
    <subfield code="2">2013-03-10</subfield>
    <subfield code="4">0</subfield>
    <subfield code="7">0</subfield>
    <subfield code="a">258.3 &#x645;&#x62C;22 &#x646; &#x64A; &#x645;</subfield>
    <subfield code="d">2011-07-18</subfield>
    <subfield code="h">EMF</subfield>
    <subfield code="i">00016675</subfield>
    <subfield code="m">EMF</subfield>
    <subfield code="r">2013-03-10 00:00:00</subfield>
    <subfield code="t">REF</subfield>
    <subfield code="w">ddc</subfield>
    <subfield code="y">0</subfield>
  </datafield>
  <datafield tag="952" ind1=" " ind2=" ">
    <subfield code="1">0</subfield>
    <subfield code="2">2013-03-10</subfield>
    <subfield code="4">0</subfield>
    <subfield code="7">0</subfield>
    <subfield code="a">258.3 &#x645;&#x62C;19 &#x646; &#x64A; &#x645;</subfield>
    <subfield code="d">2011-07-18</subfield>
    <subfield code="h">EMF</subfield>
    <subfield code="i">00016695</subfield>
    <subfield code="m">EMF</subfield>
    <subfield code="r">2013-03-10 00:00:00</subfield>
    <subfield code="t">REF</subfield>
    <subfield code="w">ddc</subfield>
    <subfield code="y">0</subfield>
  </datafield>
  <datafield tag="952" ind1=" " ind2=" ">
    <subfield code="1">0</subfield>
    <subfield code="2">2013-03-10</subfield>
    <subfield code="4">0</subfield>
    <subfield code="7">0</subfield>
    <subfield code="a">258.3 &#x645;&#x62C;7 &#x646; &#x64A; &#x645;</subfield>
    <subfield code="d">2011-07-18</subfield>
    <subfield code="h">EMF</subfield>
    <subfield code="i">00016694</subfield>
    <subfield code="m">EMF</subfield>
    <subfield code="r">2013-03-10 00:00:00</subfield>
    <subfield code="t">REF</subfield>
    <subfield code="w">ddc</subfield>
    <subfield code="y">0</subfield>
  </datafield>
  <datafield tag="952" ind1=" " ind2=" ">
    <subfield code="1">0</subfield>
    <subfield code="2">2013-03-10</subfield>
    <subfield code="4">0</subfield>
    <subfield code="7">0</subfield>
    <subfield code="a">258.3 &#x645;&#x62C;18 &#x646; &#x64A; &#x645;</subfield>
    <subfield code="d">2011-07-18</subfield>
    <subfield code="h">EMF</subfield>
    <subfield code="i">00016693</subfield>
    <subfield code="m">EMF</subfield>
    <subfield code="r">2013-03-10 00:00:00</subfield>
    <subfield code="t">REF</subfield>
    <subfield code="w">ddc</subfield>
    <subfield code="y">0</subfield>
  </datafield>
  <datafield tag="952" ind1=" " ind2=" ">
    <subfield code="1">0</subfield>
    <subfield code="2">2013-03-10</subfield>
    <subfield code="4">0</subfield>
    <subfield code="7">0</subfield>
    <subfield code="a">258.3 &#x645;&#x62C;17 &#x646; &#x64A; &#x645;</subfield>
    <subfield code="d">2011-07-18</subfield>
    <subfield code="h">EMF</subfield>
    <subfield code="i">00016692</subfield>
    <subfield code="m">EMF</subfield>
    <subfield code="r">2013-03-10 00:00:00</subfield>
    <subfield code="t">REF</subfield>
    <subfield code="w">ddc</subfield>
    <subfield code="y">0</subfield>
  </datafield>
  <datafield tag="952" ind1=" " ind2=" ">
    <subfield code="1">0</subfield>
    <subfield code="2">2013-03-10</subfield>
    <subfield code="4">0</subfield>
    <subfield code="7">0</subfield>
    <subfield code="a">258.3 &#x645;&#x62C;16&#x646; &#x64A; &#x645;</subfield>
    <subfield code="d">2011-07-18</subfield>
    <subfield code="h">EMF</subfield>
    <subfield code="i">00016691</subfield>
    <subfield code="m">EMF</subfield>
    <subfield code="r">2013-03-10 00:00:00</subfield>
    <subfield code="t">REF</subfield>
    <subfield code="w">ddc</subfield>
    <subfield code="y">0</subfield>
  </datafield>
  <datafield tag="952" ind1=" " ind2=" ">
    <subfield code="1">0</subfield>
    <subfield code="2">2013-03-10</subfield>
    <subfield code="4">0</subfield>
    <subfield code="7">0</subfield>
    <subfield code="a">258.3 &#x645;&#x62C;3&#x646; &#x64A; &#x645;</subfield>
    <subfield code="d">2011-07-18</subfield>
    <subfield code="h">EMF</subfield>
    <subfield code="i">00016685</subfield>
    <subfield code="m">EMF</subfield>
    <subfield code="r">2013-03-10 00:00:00</subfield>
    <subfield code="t">REF</subfield>
    <subfield code="w">ddc</subfield>
    <subfield code="y">0</subfield>
  </datafield>
  <datafield tag="952" ind1=" " ind2=" ">
    <subfield code="1">0</subfield>
    <subfield code="2">2013-03-10</subfield>
    <subfield code="4">0</subfield>
    <subfield code="7">0</subfield>
    <subfield code="a">258.3 &#x645;&#x62C;11&#x646; &#x64A; &#x645;</subfield>
    <subfield code="d">2011-07-18</subfield>
    <subfield code="h">EMF</subfield>
    <subfield code="i">00016690</subfield>
    <subfield code="m">EMF</subfield>
    <subfield code="r">2013-03-10 00:00:00</subfield>
    <subfield code="t">REF</subfield>
    <subfield code="w">ddc</subfield>
    <subfield code="y">0</subfield>
  </datafield>
  <datafield tag="952" ind1=" " ind2=" ">
    <subfield code="1">0</subfield>
    <subfield code="2">2013-03-10</subfield>
    <subfield code="4">0</subfield>
    <subfield code="7">0</subfield>
    <subfield code="a">258.3 &#x645;&#x62C;10&#x646; &#x64A; &#x645;</subfield>
    <subfield code="d">2011-07-18</subfield>
    <subfield code="h">EMF</subfield>
    <subfield code="i">00016689</subfield>
    <subfield code="m">EMF</subfield>
    <subfield code="r">2013-03-10 00:00:00</subfield>
    <subfield code="t">REF</subfield>
    <subfield code="w">ddc</subfield>
    <subfield code="y">0</subfield>
  </datafield>
  <datafield tag="952" ind1=" " ind2=" ">
    <subfield code="1">0</subfield>
    <subfield code="2">2013-03-10</subfield>
    <subfield code="4">0</subfield>
    <subfield code="7">0</subfield>
    <subfield code="a">258.3  &#x646; &#x64A; &#x645;</subfield>
    <subfield code="d">2011-09-15</subfield>
    <subfield code="h">CL</subfield>
    <subfield code="i">00051948</subfield>
    <subfield code="m">CL</subfield>
    <subfield code="r">2013-03-10 00:00:00</subfield>
    <subfield code="t">BOOK</subfield>
    <subfield code="w">ddc</subfield>
    <subfield code="y">0</subfield>
  </datafield>
  <datafield tag="952" ind1=" " ind2=" ">
    <subfield code="1">0</subfield>
    <subfield code="2">2013-03-10</subfield>
    <subfield code="4">0</subfield>
    <subfield code="7">0</subfield>
    <subfield code="a">258.3  &#x646; &#x64A; &#x645;</subfield>
    <subfield code="d">2011-09-15</subfield>
    <subfield code="h">CL</subfield>
    <subfield code="i">00051953</subfield>
    <subfield code="m">CL</subfield>
    <subfield code="r">2013-03-10 00:00:00</subfield>
    <subfield code="t">BOOK</subfield>
    <subfield code="w">ddc</subfield>
    <subfield code="y">0</subfield>
  </datafield>
  <datafield tag="952" ind1=" " ind2=" ">
    <subfield code="1">0</subfield>
    <subfield code="2">2013-03-10</subfield>
    <subfield code="4">0</subfield>
    <subfield code="7">0</subfield>
    <subfield code="a">258.3  &#x646; &#x64A; &#x645;</subfield>
    <subfield code="d">2011-09-16</subfield>
    <subfield code="h">CL</subfield>
    <subfield code="i">00051896</subfield>
    <subfield code="m">CL</subfield>
    <subfield code="r">2013-03-10 00:00:00</subfield>
    <subfield code="t">BOOK</subfield>
    <subfield code="w">ddc</subfield>
    <subfield code="y">0</subfield>
  </datafield>
  <datafield tag="952" ind1=" " ind2=" ">
    <subfield code="1">0</subfield>
    <subfield code="2">2024-02-13</subfield>
    <subfield code="4">0</subfield>
    <subfield code="7">0</subfield>
    <subfield code="a">258.3  &#x646; &#x64A; &#x645;</subfield>
    <subfield code="d">2024-02-13</subfield>
    <subfield code="h">EMF</subfield>
    <subfield code="i">00504205</subfield>
    <subfield code="m">EMF</subfield>
    <subfield code="r">2024-02-13 00:00:00</subfield>
    <subfield code="t">BOOK</subfield>
    <subfield code="w">ddc</subfield>
    <subfield code="y">0</subfield>
  </datafield>
</record>
